Gerencia pb︢lica y control fiscal

Detalles Bibliográficos
Autor principal: Gm̤ez Buitrago, Jairo
Formato: eBook
Lenguaje:español
Publicado: Bogot:̀ Editorial Universidad de Rosario (Colombia), 2017
Materias:
Acceso en línea:Acceso restringido

MARC

LEADER 00000nam a22000007a 4500
005 20180322000041.0
007 cr|||| ||||
008 180322s2017 co |||||s|||| 00||0 spa d
020 |a 978-958-738-911-1 
035 |a 21144 
040 |a vLex 
090 |c 7537  |d 7537 
100 1 |a Gm̤ez Buitrago, Jairo 
245 1 0 |a Gerencia pb︢lica y control fiscal  |h [Recurso electrn̤ico] /  |c Jairo Gm̤ez Buitrago 
256 |a Servicio en ln̕ea 
260 |a Bogot:̀  |b Editorial Universidad de Rosario (Colombia),  |c 2017 
300 |a 1 recurso electrn̤ico 
506 1 |a Disponible solo en los productos indicados  |d vLex Global  |d vLex Global (Academic Edition, excluding Law Schools)  |d vLex Global (U.S. Academic Edition, Law Schools)  |d vLex Global (U.S. Academic Edition, excluding Law Schools)  |d vLex Global (Academic Edition, Law Schools) 
650 0 4 |a Derecho Fiscal  |z Colombia 
740 0 |a vLex Libros (Servicio en ln̕ea) 
856 4 0 |u http://vlex.com/source/gerencia-publica-control-fiscal-segunda-edicion-21144  |z Acceso restringido 
942 |c BOOK 
999 0 |a Tax Law